Chemical reaction and reactor engineering /

Guardado en:
Otros Autores: Carberry, James J., (Editor , ed.), Varma, Arvind., (Editor , ed.)
Formato: Libro
Idioma:English
Publicado: New York : M. Dekker, c1987.
Series:Chemical industries ; v. 26
Materias:
Etiquetas: Agregar Etiqueta
Sin Etiquetas, Sea el primero en etiquetar este registro!
LEADER 00965pam a22002775a 4500
001 EIQ.libpla003307
008 860729s1987####nyua#####b####001#0#eng#d
005 20071122185757.0
245 0 0 |a Chemical reaction and reactor engineering /  |c edited by James J. Carberry, Arvind Varma. 
260 |a New York :  |b M. Dekker,  |c c1987. 
300 |a x, 1069 p. :  |b il. ;  |c 26 cm. 
440 0 |a Chemical industries ;  |v v. 26 
504 |a Incluye referencias bibliográficas e índice. 
020 |a 0824775430 
700 1 |a Carberry, James J.,  |e ed.  |4 edt 
700 1 |a Varma, Arvind.,  |e ed.  |4 edt 
082 0 0 |a 660.2/83  |2 19 
650 4 |a Reactores  |x Polimerización. 
650 4 |a Reactores  |x Métodos numéricos. 
650 4 |a Reactores  |x Catálisis. 
650 4 |a Reactors  |x Catalysis. 
650 4 |a Reactors  |x Polimerization. 
650 4 |a Reactors  |x Numerical methods. 
010 |a  86019673  
040 |a DLC  |c DLC  |d AR-BbSID 
859 |a AR-BbSID  |b BIB. PLAPIQUI  |h 660.283  |i Ch 94  |p 4001